[Event "Skakthing Reykjavikur"]
[Site "?"]
[Date "2017.01.15"]
[Round "3"]
[White "Kjartansson, Gudmundur"]
[Black "Ptacnikova, Lenka"]
[Result "0-1"]
[WhiteElo "2468"]
[BlackElo "2210"]
[PlyCount "96"]

1. d4 Nf6 2. c4 e6 3. Nf3 Bb4+ 4. Nbd2 b6 5. a3 Bxd2+ 6. Qxd2 Bb7 7. e3 d6 8.
b4 a5 9. Bb2 axb4 10. axb4 Rxa1+ 11. Bxa1 Nbd7 12. Be2 O-O 13. O-O Qe7 14. Rd1
Ra8 15. Qc2 Be4 16. Qb3 h6 17. Nd2 Bg6 18. Bf3 Ra7 19. e4 e5 20. Re1 Qe8 21. d5
Qb8 22. Qc3 Qa8 23. Bb2 Bh5 24. Nb1 Bxf3 25. Qxf3 Ra2 26. Qc3 Qa4 27. f3 b5 28.
Na3 bxc4 29. Nxc4 Nh5 30. g3 Qa7+ 31. Ne3 Nb6 32. Qb3 Nc4 33. Bc1 Nd2 34. Bxd2
Rxd2 35. Qc3 Ra2 36. Qc4 Nf4 37. Kf1 Rxh2 38. gxf4 Rh1+ 39. Kf2 Rxe1 40. Kxe1
Qxe3+ 41. Kd1 Qxf3+ 42. Kc2 Qf2+ 43. Kb3 Qe3+ 44. Kb2 Qd4+ 45. Qxd4 exd4 46. e5
Kf8 47. Kb3 h5 48. b5 Ke7 0-1

[Event "Skakthing Reykjavikur"]
[Site "?"]
[Date "2017.01.15"]
[Round "3"]
[White "Jonasson, Benedikt"]
[Black "Thorfinnsson, Bjorn"]
[Result "0-1"]
[WhiteElo "2208"]
[BlackElo "2404"]
[PlyCount "106"]

1. e4 e5 2. Nf3 Nc6 3. Bb5 a6 4. Ba4 f5 5. d3 fxe4 6. dxe4 Nf6 7. O-O Bc5 8.
Qe2 d6 9. Bb3 Bg4 10. Be3 Nd4 11. Bxd4 Bxd4 12. c3 Ba7 13. Nbd2 Nh5 14. Qc4 Rf8
15. h3 b5 16. Qd5 Nf4 17. hxg4 Nxd5 18. Bxd5 Rb8 19. g3 Qd7 20. Kg2 Qxg4 21.
Rh1 Kd7 22. Raf1 Rxf3 23. Nxf3 Rf8 24. Ng1 c6 25. Rh4 Qg5 26. Bb3 Qd2 27. Nf3
Qd3 28. Bd1 h6 29. Re1 Rf6 30. Rhh1 Qb1 31. Nxe5+ Kc7 32. Ng4 Rf8 33. Bf3 Qxb2
34. e5 d5 35. e6 Bc5 36. e7 Re8 37. Re2 Qxc3 38. Rhe1 Qa3 39. Rc2 Rxe7 40. Rec1
Kb6 41. Rc3 Qb4 42. a3 Qxa3 43. Rxa3 Bxa3 44. Rc3 Bc5 45. Bd1 Re1 46. Rd3 a5
47. f4 a4 48. Ne5 Bd6 49. Kf2 Re4 50. Bf3 Bxe5 51. Bxe4 dxe4 52. Rd8 Bf6 53.
Rb8+ Ka7 0-1

[Event "Skakthing Reykjavikur"]
[Site "?"]
[Date "2017.01.15"]
[Round "3"]
[White "Birkisson, Bardur Orn"]
[Black "Ragnarsson, Dagur"]
[Result "0-1"]
[WhiteElo "2175"]
[BlackElo "2276"]
[PlyCount "58"]

1. Nf3 d5 2. d4 Nf6 3. Bf4 c5 4. e3 Nc6 5. c3 e6 6. Nbd2 Bd6 7. Bg3 O-O 8. Bd3
b6 9. Ne5 Ne7 10. f4 Nf5 11. Bf2 Be7 12. Nc6 Qc7 13. Nxe7+ Qxe7 14. dxc5 bxc5
15. e4 dxe4 16. Nxe4 Nxe4 17. Bxe4 Rb8 18. Qe2 Qd6 19. O-O Ba6 20. c4 Nd4 21.
Qd3 f5 22. Bf3 Rxb2 23. g3 Nxf3+ 24. Qxf3 Bb7 25. Rfd1 Qc7 26. Qc3 Qc6 27. Rd5
Rxf2 28. Kxf2 exd5 29. cxd5 Qxd5 0-1

[Event "Skakthing Reykjavikur"]
[Site "?"]
[Date "2017.01.15"]
[Round "3"]
[White "Johannesson, Orn Leo"]
[Black "Viglundsson, Bjorgvin"]
[Result "1-0"]
[WhiteElo "2212"]
[BlackElo "2185"]
[PlyCount "77"]

1. d4 d5 2. c4 c6 3. cxd5 cxd5 4. Nc3 Nf6 5. Bf4 Nc6 6. e3 a6 7. Bd3 Bg4 8. f3
Bh5 9. Qb3 Na5 10. Qa4+ Nc6 11. Rc1 Bg6 12. Bxg6 hxg6 13. Nge2 e6 14. Kf2 Be7
15. a3 O-O 16. g4 b5 17. Qc2 Na5 18. h4 Nc4 19. Rcg1 Nd7 20. g5 e5 21. Bg3 Rc8
22. Nxd5 Nxe3 23. Qxc8 Nxd5 24. Qxd8 Rxd8 25. b4 a5 26. Rd1 axb4 27. axb4 Bxb4
28. Bxe5 Ba3 29. h5 f6 30. Bf4 Re8 31. Bd2 Kf7 32. gxf6 N7xf6 33. hxg6+ Kxg6
34. Rdg1+ Kf7 35. Ng3 g6 36. Re1 Rc8 37. Ne4 Rc2 38. Re2 Bb2 39. Nd6+ 1-0

[Event "Skakthing Reykjavikur"]
[Site "?"]
[Date "2017.01.15"]
[Round "3"]
[White "Ingvason, Johann"]
[Black "Fridjonsson, Julius"]
[Result "0-1"]
[WhiteElo "2124"]
[BlackElo "2145"]
[PlyCount "114"]

1. e4 c6 2. d4 d5 3. Nc3 dxe4 4. Nxe4 Nf6 5. Ng3 Bg4 6. Nf3 Bxf3 7. gxf3 g6 8.
h4 h5 9. Bg5 Qa5+ 10. c3 Nbd7 11. Bc4 e6 12. Qc2 Be7 13. O-O-O O-O-O 14. Kb1
Rhe8 15. Ka1 Nd5 16. Bc1 Kb8 17. Ne4 N7f6 18. Rhe1 Qc7 19. Rh1 Ka8 20. b4 Rc8
21. a4 Red8 22. Bb3 Ne8 23. Bb2 Nd6 24. Ng5 Bf8 25. Ne4 Nf5 26. Bc1 a5 27. bxa5
Qxa5 28. Bd2 Qa7 29. Qa2 Be7 30. Ng5 Bxg5 31. hxg5 c5 32. c4 Nde7 33. dxc5 Qxc5
34. Bc3 Nd4 35. Bxd4 Rxd4 36. Rxd4 Qxd4+ 37. Qb2 Rd8 38. Rb1 Kb8 39. Ka2 Qxb2+
40. Rxb2 Kc7 41. Ka3 Rd3 42. f4 Nc6 43. Ka2 Nd4 44. Bc2 Rd2 45. Be4 Rxb2+ 46.
Kxb2 Ne2 47. f5 gxf5 48. Bf3 Nf4 49. Kc3 e5 50. Kd2 h4 51. Ke3 h3 52. Bh1 Ne6
53. Kf3 Nxg5+ 54. Kg3 f4+ 55. Kg4 f6 56. Kf5 b6 57. Kxf6 e4 0-1

[Event "Skakthing Reykjavikur"]
[Site "?"]
[Date "2017.01.15"]
[Round "3"]
[White "Arnarsson, Hrannar"]
[Black "Haraldsson, Sigurjon"]
[Result "1/2-1/2"]
[WhiteElo "2066"]
[BlackElo "1784"]
[PlyCount "103"]

1. e4 d6 2. d4 Nf6 3. Nc3 g6 4. Nf3 Bg7 5. g3 O-O 6. Bg2 c6 7. O-O Bg4 8. h3
Bxf3 9. Bxf3 Nbd7 10. Re1 e5 11. d5 Qc7 12. dxc6 bxc6 13. Na4 Rfe8 14. c4 Nf8
15. Nc3 Rad8 16. Be3 Ne6 17. Qa4 Nd4 18. Bg2 Nd7 19. b4 Nb6 20. Qa6 Nc2 21.
Rab1 Nxe1 22. Rxe1 Rd7 23. Bf1 Qb7 24. Qa5 Na8 25. Rb1 Qc7 26. Qa6 Nb6 27. b5
c5 28. a4 Nc8 29. Rd1 Ne7 30. a5 f6 31. b6 axb6 32. axb6 Qc6 33. Qb5 Rc8 34.
Qb3 Rb7 35. Na4 Ra8 36. Nc3 Qxb6 37. Nb5 Rd8 38. Qd3 Bf8 39. f4 Kg7 40. fxe5
fxe5 41. Bg5 h6 42. Bxe7 Bxe7 43. h4 h5 44. Bh3 Bf8 45. Be6 Kh7 46. Bd5 Re7 47.
Ra1 Bh6 48. Kg2 Kg7 49. Qf1 Rf8 50. Qd3 Rd7 51. Be6 Re7 52. Bd5 1/2-1/2

[Event "Skakthing Reykjavikur"]
[Site "?"]
[Date "2017.01.15"]
[Round "3"]
[White "Gardarsson, Halldor"]
[Black "Thorsteinsson, Hilmar"]
[Result "1/2-1/2"]
[WhiteElo "1783"]
[BlackElo "1840"]
[PlyCount "42"]

1. e4 e5 2. Bc4 Nf6 3. d3 Bc5 4. Nf3 Nc6 5. a3 O-O 6. O-O d6 7. h3 h6 8. Nc3 a6
9. Ba2 Ne7 10. d4 exd4 11. Nxd4 Ng6 12. Be3 Re8 13. Qd3 Qe7 14. Rfe1 c6 15. Nf5
Bxf5 16. Bxc5 Nxe4 17. Bb6 Ne5 18. Rxe4 Nxd3 19. Rxe7 Rxe7 20. cxd3 Rae8 21.
Be3 Be6 1/2-1/2

[Event "Skakthing Reykjavikur"]
[Site "?"]
[Date "2017.01.15"]
[Round "3"]
[White "Jonsson, Gauti Pall"]
[Black "Jonatansson, Sigurdur Freyr"]
[Result "1-0"]
[WhiteElo "2036"]
[BlackElo "1682"]
[PlyCount "75"]
[EventDate "2017.??.??"]

1. e4 c5 2. a3 Nc6 3. b4 cxb4 4. axb4 Nxb4 5. c3 Nc6 6. d4 d5 7. exd5 Qxd5 8.
Na3 a6 9. Nb5 Qd8 10. d5 Na7 11. Nxa7 Rxa7 12. Be3 Ra8 13. Qb3 Qc7 14. Nf3 Bd7
15. Bb6 Qf4 16. Bd3 Nf6 17. O-O g6 18. Rfe1 Qd6 19. c4 Bg7 20. c5 Qf4 21. Rad1
Ba4 22. Qa2 Bxd1 23. Bb5+ Kf8 24. Rxd1 Ne4 25. Qa4 Be5 26. Re1 f5 27. Bd3 Bc7
28. Bxc7 Qxc7 29. Bxe4 fxe4 30. Qxe4 e5 31. Nxe5 Re8 32. d6 Qg7 33. d7 Rd8 34.
Nxg6+ Qxg6 35. Qe7+ Kg8 36. Qxd8+ Kg7 37. Qxh8+ Kxh8 38. d8=Q+ 1-0

[Event "Skakthing Reykjavikur"]
[Site "?"]
[Date "2017.01.15"]
[Round "3"]
[White "Einarsson, Oskar Long"]
[Black "Birkisson, Bjorn Holm"]
[Result "1-0"]
[WhiteElo "1671"]
[BlackElo "1979"]
[PlyCount "57"]

1. e4 c5 2. c3 Nf6 3. e5 Nd5 4. d4 cxd4 5. cxd4 e6 6. Nf3 Nc6 7. Bc4 d6 8. O-O
Be7 9. Bxd5 exd5 10. Nc3 dxe5 11. Nxe5 O-O 12. Re1 Bf5 13. Nxd5 Bb4 14. Nxc6
Qxd5 15. Nxb4 Qd6 16. a3 a5 17. Na2 Ra6 18. Nc3 Qd7 19. Bf4 g5 20. Bxg5 Rg6 21.
Bf4 Kh8 22. Ne4 f6 23. Rc1 Rfg8 24. g3 Bg4 25. Qd2 Bf3 26. Rc3 Bg4 27. Rc7 Qf5
28. Nd6 Qxf4 29. Qxf4 1-0

[Event "Skakthing Reykjavikur"]
[Site "?"]
[Date "2017.01.15"]
[Round "3"]
[White "Mai, Aron Thor"]
[Black "Vignisson, Ingvar Egill"]
[Result "1-0"]
[WhiteElo "1965"]
[BlackElo "1652"]
[PlyCount "157"]

1. e4 c6 2. d4 d5 3. Nc3 dxe4 4. Nxe4 Bf5 5. Ng3 Bg6 6. h4 h6 7. Nf3 Nd7 8. h5
Bh7 9. Bd3 Bxd3 10. Qxd3 e6 11. Bd2 Ngf6 12. O-O-O Qc7 13. Ne4 O-O-O 14. g3
Nxe4 15. Qxe4 Nf6 16. Qe2 Bd6 17. c4 c5 18. Kb1 cxd4 19. Nxd4 a6 20. Bc3 Kb8
21. Nb3 Qc6 22. Rh4 Rd7 23. Nd4 Qb6 24. Nc2 Qc6 25. Nd4 Qc5 26. Ka1 Rhd8 27.
Nb3 Qg5 28. Rhd4 Bc7 29. Rh1 Bb6 30. Rxd7 Rxd7 31. a3 Qf5 32. Qe5+ Qxe5 33.
Bxe5+ Bc7 34. Bc3 Ne4 35. Bxg7 Nxf2 36. Rf1 Ng4 37. Nc5 Re7 38. Bf8 Re8 39.
Rxf7 Bxg3 40. Rg7 Nf6 41. Rxb7+ Kc8 42. Rf7 Nxh5 43. Bxh6 e5 44. Rf5 e4 45.
Rxh5 e3 46. Bxe3 Rxe3 47. Nxa6 Be5 48. Nb4 Rxa3+ 49. Kb1 Re3 50. Nc2 Re4 51. b3
Bc3 52. Rh3 Bg7 53. Ne3 Bd4 54. Nc2 Bf6 55. Rf3 Bg7 56. c5 Kd7 57. Rf7+ Re7 58.
Rxe7+ Kxe7 59. Ka2 Kd7 60. b4 Kc6 61. Kb3 Kb5 62. Na3+ Kc6 63. Kc4 Be5 64. Nc2
Bh2 65. b5+ Kb7 66. Nb4 Bg1 67. b6 Kb8 68. Kb5 Kc8 69. c6 Bh2 70. Na6 Bg3 71.
b7+ Kd8 72. b8=R+ Bxb8 73. Nxb8 Kc7 74. Na6+ Kc8 75. Nb4 Kc7 76. Nd3 Kc8 77.
Kb6 Kb8 78. c7+ Kc8 79. Nc1 1-0

[Event "Skakthing Reykjavikur"]
[Site "?"]
[Date "2017.01.15"]
[Round "3"]
[White "Kristjansson, Halldor"]
[Black "Fivelstad, Jon Olav"]
[Result "0-1"]
[WhiteElo "1560"]
[BlackElo "1920"]
[PlyCount "90"]

1. e4 c5 2. Nf3 d6 3. d4 cxd4 4. Nxd4 Nf6 5. Nc3 a6 6. Be2 e5 7. Nb3 Be6 8. Bg5
Be7 9. O-O b5 10. Bxf6 Bxf6 11. Nd5 Bg5 12. Bg4 O-O 13. Bxe6 fxe6 14. Ne3 Nc6
15. c3 Qe7 16. Qe2 Qf7 17. Rad1 Rfd8 18. Rd3 Be7 19. Ng4 Rab8 20. Rg3 Kh8 21.
Qe3 Qf4 22. Qxf4 exf4 23. Rf3 h5 24. Rh3 g6 25. f3 Kg7 26. Nf2 Ne5 27. Rd1 Rdc8
28. Nd3 Nxd3 29. Rxd3 b4 30. cxb4 Rxb4 31. g3 e5 32. gxf4 exf4 33. Rd2 Rbc4 34.
Nd4 Kf7 35. Kf2 Bf6 36. Ne2 Rc2 37. Ke1 Rxd2 38. Kxd2 Bxb2 39. Nxf4 Bc1+ 40.
Kd3 Bxf4 41. Rh4 Bg5 42. Rh3 Bf6 43. Rg3 Rc3+ 44. Kd2 Ra3 45. Rg1 Rxf3 0-1

[Event "Skakthing Reykjavikur"]
[Site "?"]
[Date "2017.01.15"]
[Round "3"]
[White "Eliasson, Kristjan Orn"]
[Black "Briem, Hedinn"]
[Result "1-0"]
[WhiteElo "1900"]
[BlackElo "1576"]
[PlyCount "109"]

1. e4 e6 2. Nf3 d5 3. exd5 exd5 4. d4 Nf6 5. h3 Bd6 6. Nc3 c6 7. Be3 O-O 8. Bd3
Re8 9. O-O Be6 10. Bg5 a5 11. Qd2 Nbd7 12. Ne2 h6 13. Bh4 b6 14. Rfe1 Be7 15.
Qc1 Ne4 16. Bxe7 Rxe7 17. Ne5 Nxe5 18. dxe5 Nc5 19. Nd4 Nxd3 20. cxd3 Rc7 21.
f4 Qd7 22. a4 h5 23. Qe3 c5 24. Nb5 d4 25. Qf3 Bd5 26. Qxh5 Rc6 27. Nd6 Rxd6
28. exd6 Qxd6 29. Qe5 Qd7 30. Qe7 Qc6 31. Re2 Bb3 32. Re5 Bc2 33. Rh5 Bxd3 34.
Qh4 f6 35. f5 Kf7 36. Rh7 Bxf5 37. Rh5 Bg6 38. Rh8 Rxh8 39. Qxh8 Qe6 40. Qb8 d3
41. Qd8 c4 42. Kh1 Be4 43. Kg1 Bd5 44. Qc7+ Kg8 45. Qb8+ Kh7 46. Qg3 Qe5 47.
Qxe5 fxe5 48. Kf2 Kg6 49. g3 Bc6 50. Ke3 Kf5 51. Rc1 Bxa4 52. Rxc4 Bc2 53. Rc6
a4 54. Rxb6 g6 55. Ra6 1-0

[Event "Skakthing Reykjavikur"]
[Site "?"]
[Date "2017.01.15"]
[Round "3"]
[White "Arnarsson, Smari"]
[Black "Jonsson, Olafur Gisli"]
[Result "0-1"]
[WhiteElo "1501"]
[BlackElo "1865"]
[PlyCount "72"]

1. e4 d6 2. d4 Nf6 3. Nc3 c6 4. Nf3 Qa5 5. Bd3 e5 6. dxe5 dxe5 7. Bd2 Qc7 8. h3
Nbd7 9. Qe2 Be7 10. O-O O-O 11. Nd1 Nc5 12. b4 Nxd3 13. cxd3 b6 14. Bc3 Nd7 15.
Ne3 Re8 16. Qb2 Bf8 17. Nc4 f6 18. Qb3 Kh8 19. Ne3 c5 20. b5 Bb7 21. Qc4 Rad8
22. a4 Bd6 23. Nh4 Nf8 24. Nhf5 Qd7 25. Rfd1 Bb8 26. h4 g6 27. Nh6 Ne6 28. Nhg4
Kg7 29. Rd2 Nd4 30. Nh2 Re6 31. Nf3 Nxf3+ 32. gxf3 Rd6 33. Rad1 Qh3 34. f4 exf4
35. Ng2 f3 36. Ne1 Rd4 0-1

[Event "Skakthing Reykjavikur"]
[Site "?"]
[Date "2017.01.15"]
[Round "3"]
[White "Antonsson, Atli"]
[Black "Kristbergsson, Bjorgvin"]
[Result "1-0"]
[WhiteElo "1857"]
[BlackElo "1071"]
[PlyCount "83"]

1. e4 e6 2. d4 b6 3. g3 Bb7 4. Bg2 a6 5. Nc3 h6 6. Nge2 d6 7. O-O Nd7 8. Be3
Ndf6 9. f4 Ng4 10. Bd2 g5 11. h3 N4f6 12. fxg5 hxg5 13. Bxg5 Be7 14. Qd3 e5 15.
Rf2 Rh5 16. Qe3 Rh8 17. Rd1 Nd7 18. Bxe7 Qxe7 19. Rdf1 Nh6 20. g4 f6 21. Ng3
O-O-O 22. Nd5 Bxd5 23. exd5 Rdf8 24. Qd3 Kb7 25. b4 exd4 26. Qxd4 Qe5 27. Qd3
Qe7 28. c4 Ne5 29. Qd4 Rf7 30. Qe4 Qd8 31. c5 b5 32. Ra1 Nc4 33. a4 Re8 34. Qf4
Ng8 35. axb5 Rfe7 36. Qxc4 Re1+ 37. Rf1 Rxf1+ 38. Qxf1 Qe7 39. b6 Qe3+ 40. Kh2
Kc8 41. Qxa6+ Kd8 42. bxc7+ 1-0

[Event "Skakthing Reykjavikur"]
[Site "?"]
[Date "2017.01.15"]
[Round "3"]
[White "Briem, Benedikt"]
[Black "Mai, Alexander Oliver"]
[Result "0-1"]
[WhiteElo "1417"]
[BlackElo "1837"]
[PlyCount "56"]

1. d4 e6 2. c4 f5 3. Nf3 Nf6 4. Nc3 d6 5. Qc2 Be7 6. e3 O-O 7. Be2 b6 8. O-O
Bb7 9. b4 a5 10. b5 h6 11. Nd2 Nbd7 12. Bf3 Bxf3 13. Nxf3 Qe8 14. e4 fxe4 15.
Nxe4 Nh5 16. Ng3 Nxg3 17. hxg3 Qh5 18. Qe4 e5 19. Bb2 Nf6 20. Qc6 Ng4 21. Rfe1
Rxf3 22. Qxf3 Rf8 23. Qd5+ Kh8 24. f3 Qh2+ 25. Kf1 Qh1+ 26. Ke2 Qxg2+ 27. Kd1
Qxb2 28. Rc1 Nf2# 0-1

[Event "Skakthing Reykjavikur"]
[Site "?"]
[Date "2017.01.15"]
[Round "3"]
[White "Karlsson, Isak Orri"]
[Black "Gudmarsson, Olafur"]
[Result "0-1"]
[WhiteElo "1200"]
[BlackElo "1739"]
[PlyCount "70"]

1. d4 e6 2. c4 Bb4+ 3. Nc3 c5 4. e3 Nf6 5. Bd2 Nc6 6. Nf3 d5 7. a3 cxd4 8. Nxd4
Bxc3 9. Bxc3 O-O 10. g4 Ne4 11. Bd3 Nxc3 12. bxc3 Qf6 13. Qf3 Qd8 14. Qh3 g6
15. Qg3 Nxd4 16. cxd4 Qa5+ 17. Ke2 Bd7 18. h4 Rac8 19. g5 dxc4 20. Bc2 Bb5 21.
h5 Qc3 22. Rac1 Qb2 23. Kd1 c3 24. Rb1 Be2+ 25. Kxe2 Qxc2+ 26. Kf3 f6 27. Rbc1
fxg5+ 28. Kg2 Qe4+ 29. f3 Qxe3 30. Rhe1 Qxd4 31. hxg6 hxg6 32. Rcd1 Qf4 33. Qf2
g4 34. Rd3 c2 35. Rxe6 gxf3+ 0-1

[Event "Skakthing Reykjavikur"]
[Site "?"]
[Date "2017.01.15"]
[Round "3"]
[White "Hjaltason, Elvar Orn"]
[Black "Sveinsson, Gudmundur"]
[Result "0-1"]
[WhiteElo "1709"]
[BlackElo "1267"]
[PlyCount "64"]

1. e4 c6 2. d4 d5 3. e5 Bf5 4. Bd3 Bxd3 5. Qxd3 e6 6. f4 Bb4+ 7. c3 Ba5 8. Nf3
Ne7 9. O-O Nf5 10. Be3 Nd7 11. b4 Bc7 12. a4 a6 13. Na3 Nb6 14. a5 Nc8 15. Kh1
Nce7 16. Nc2 Ng6 17. g4 Nxe3 18. Qxe3 Qd7 19. Qf2 Bd8 20. Nd2 h5 21. Ne3 hxg4
22. f5 exf5 23. Nxf5 Bc7 24. Nxg7+ Kf8 25. Qf6 g3 26. Qxg6 Rxh2+ 27. Kg1 Rh1+
28. Kg2 Qh3+ 29. Kf3 Rxf1+ 30. Rxf1 fxg6 31. Ke2+ Kxg7 32. Nf3 Rf8 0-1

[Event "Skakthing Reykjavikur"]
[Site "?"]
[Date "2017.01.15"]
[Round "3"]
[White "Ragnarsson, Heimir Pall"]
[Black "Magnusson, Thorsteinn"]
[Result "0-1"]
[WhiteElo "1695"]
[BlackElo "1383"]
[PlyCount "74"]

1. c4 c6 2. Nf3 Nf6 3. g3 d5 4. b3 Bf5 5. Bg2 e6 6. O-O Bd6 7. d3 Qc7 8. Bb2
Nbd7 9. Nbd2 h5 10. Re1 Rg8 11. e4 dxe4 12. dxe4 Bg4 13. h3 Bxf3 14. Nxf3 Ne5
15. Qd4 c5 16. Qe3 Nfd7 17. Nxe5 Bxe5 18. Bxe5 Qxe5 19. f4 Qb2 20. e5 O-O-O 21.
Qe4 Qd4+ 22. Qxd4 cxd4 23. Rad1 Nc5 24. b4 Na4 25. Rd2 Nc3 26. a4 g5 27. Rf1 d3
28. Kh2 g4 29. Ra1 gxh3 30. Kxh3 Ne2 31. Kh2 Rxg3 32. Rf1 Rg4 33. Rf3 Rh4+ 34.
Rh3 Rxh3+ 35. Bxh3 Nxf4 36. Bf1 Rd4 37. Kg3 Kb8 0-1

[Event "Skakthing Reykjavikur"]
[Site "?"]
[Date "2017.01.15"]
[Round "3"]
[White "Heidarsson, Arnar"]
[Black "Sigurvaldason, Hjalmar Hrafn"]
[Result "1/2-1/2"]
[WhiteElo "1376"]
[BlackElo "1464"]
[PlyCount "100"]

1. e4 c6 2. d4 d5 3. exd5 cxd5 4. Nf3 Nc6 5. h3 Nf6 6. Bb5 Bf5 7. O-O e6 8. Nh4
Bg6 9. Nxg6 hxg6 10. c3 Bd6 11. Re1 Qc7 12. Bd3 O-O-O 13. Nd2 g5 14. Nf1 g4 15.
hxg4 Bh2+ 16. Nxh2 Qxh2+ 17. Kf1 Qh1+ 18. Ke2 Qxg2 19. Rg1 Qh2 20. Bg5 Qd6 21.
Qd2 e5 22. Bxf6 Qxf6 23. Bf5+ Kb8 24. dxe5 Nxe5 25. Qf4 Rhe8 26. g5 Qd6 27. b3
Ka8 28. Kf1 Qc6 29. Qg3 d4 30. cxd4 Rxd4 31. Re1 f6 32. f4 Nf7 33. Rxe8+ Qxe8
34. gxf6 gxf6 35. Bg6 Rd1+ 36. Kg2 Rxg1+ 37. Kxg1 Qe7 38. Qh2 Nd8 39. Qc2 Kb8
40. Bf5 a6 41. Qe4 Qxe4 42. Bxe4 Ne6 43. f5 Nc5 44. Bc2 b5 45. Kf2 Kc7 46. Ke3
a5 47. Kd4 Kd6 48. Bd1 Na6 49. Be2 Nb4 50. Bxb5 Nxa2 1/2-1/2

[Event "Skakthing Reykjavikur"]
[Site "?"]
[Date "2017.01.15"]
[Round "3"]
[White "Thorisson, Benedikt"]
[Black "Jonasson, Hordur"]
[Result "0-1"]
[WhiteElo "1061"]
[BlackElo "1528"]
[PlyCount "48"]

1. e4 e5 2. Nf3 Nc6 3. d4 exd4 4. Bc4 d5 5. exd5 Na5 6. Qxd4 Nxc4 7. Qxc4 Nf6
8. Nc3 Be7 9. Bf4 Bd6 10. Bxd6 Qxd6 11. Qe2+ Kd8 12. Rd1 Re8 13. Ng5 Rxe2+ 14.
Nxe2 Ke8 15. O-O h6 16. Nf3 Bg4 17. Rfe1 Kf8 18. Nh4 Bxe2 19. Rxe2 Re8 20. Nf5
Qc5 21. Rxe8+ Nxe8 22. Rd2 Qb4 23. Re2 Qxb2 24. h3 Qxa2 0-1

[Event "Skakthing Reykjavikur"]
[Site "?"]
[Date "2017.01.15"]
[Round "3"]
[White "Olafsson, Arni"]
[Black "Thrastarson, Tryggvi K"]
[Result "1-0"]
[WhiteElo "1224"]
[BlackElo "1353"]
[PlyCount "83"]

1. e4 c5 2. Nf3 d6 3. d4 cxd4 4. Nxd4 a6 5. Nc3 g6 6. Be3 Bg7 7. Qd2 Nf6 8.
O-O-O O-O 9. f3 Qc7 10. g4 Nc6 11. g5 Nd7 12. h4 b5 13. h5 Bb7 14. hxg6 Nxd4
15. gxh7+ Kh8 16. Bxd4 e5 17. Be3 Rad8 18. Qxd6 Qxd6 19. Rxd6 Nb8 20. Rxd8 Rxd8
21. Bd3 Nd7 22. Ne2 Nf8 23. f4 exf4 24. Nxf4 Nxh7 25. g6 fxg6 26. Nxg6+ Kg8 27.
Ne7+ Kh8 28. Rh2 Re8 29. Bc5 Bf6 30. e5 Bxe7 31. Rxh7+ Kg8 32. Rxe7 Rxe7 33.
Bxe7 Kf7 34. Bd6 Ke6 35. Kd2 Bd5 36. a3 Bc6 37. Ke3 Bd5 38. Kd4 Bb7 39. b3 Bd5
40. Bf5+ Kxf5 41. Kxd5 Kg6 42. e6 1-0

[Event "Skakthing Reykjavikur"]
[Site "?"]
[Date "2017.01.15"]
[Round "3"]
[White "Sigurdarson, Sveinn"]
[Black "Baldursson, Atli Mar"]
[Result "0-1"]
[WhiteElo "1295"]
[BlackElo "1226"]
[PlyCount "42"]

1. c4 f5 2. g3 Nf6 3. d4 g6 4. Bg2 Bg7 5. Nf3 d6 6. O-O O-O 7. Bf4 c6 8. Nc3
Qe8 9. Qb3 Kh8 10. Rad1 Nbd7 11. Ng5 Nb8 12. e4 h6 13. Nh3 g5 14. Be3 Ng4 15.
exf5 Rxf5 16. Be4 Nxe3 17. fxe3 Rxf1+ 18. Rxf1 Bxh3 19. Qxb7 Nd7 20. Bxc6 Rb8
21. Qxa7 Rxb2 0-1

[Event "Skakthing Reykjavikur"]
[Site "?"]
[Date "2017.01.15"]
[Round "3"]
[White "Petursson, Armann"]
[Black "Kristofersson, Sindri Snaer"]
[Result "0-1"]
[WhiteElo "1256"]
[BlackElo "1207"]
[PlyCount "131"]

1. c4 Nf6 2. g3 g6 3. Bg2 Bg7 4. Nc3 O-O 5. Nf3 d6 6. d3 Nc6 7. Be3 e5 8. Qd2
Be6 9. h3 Nd7 10. Bh6 f5 11. Bxg7 Kxg7 12. Ng5 Qe7 13. Nd5 Bxd5 14. cxd5 Nd8
15. h4 h6 16. Nf3 Nf7 17. e4 fxe4 18. dxe4 Nc5 19. Nh2 h5 20. Qe2 Qf6 21. O-O
Rh8 22. f4 Qe7 23. f5 Qd7 24. Bh3 Qd8 25. fxg6 Kxg6 26. Rf5 Qe7 27. Raf1 Raf8
28. Qf3 Rh7 29. Rf6+ Kg7 30. Be6 Kg8 31. Rg6+ Kh8 32. Qf6+ Qxf6 33. Rgxf6 Kg8
34. Bf5 Rg7 35. Bg6 Nd7 36. Bxf7+ Rfxf7 37. R6f5 Rxf5 38. Rxf5 Rxg3+ 39. Kf2
Rd3 40. Nf3 Nc5 41. Ke2 a5 42. a3 Rb3 43. Rxh5 Rxb2+ 44. Ke1 Rb3 45. Rg5+ Kh7
46. Rg3 Rb1+ 47. Ke2 Rb2+ 48. Kf1 Rb1+ 49. Kg2 Nxe4 50. Ng5+ Nxg5 51. Rxg5 Rb3
52. h5 Rxa3 53. Rf5 b5 54. Rf7+ Kh6 55. Kf2 Rc3 56. Rf6+ Kxh5 57. Ke2 a4 58.
Kd2 b4 59. Rf1 Rc4 60. Kd3 Rd4+ 61. Kc2 Rxd5 62. Kb2 c5 63. Ka2 Rd2+ 64. Ka1 c4
65. Rb1 b3 66. Rh1+ 0-1